000 00494nam a2200181Ia 4500
001 18715
005 20260306171651.0
008 260306s9999||||xx |||||||||||||| ||und||
041 _aESP
082 _a658.5
_bC33
100 _aCastán Farrero, José María
_eAUT
245 0 _aLa logística en la empresa:
_bun área estratégica para alcanzar ventajas competitivas
260 _c2012
300 _a258 páginas :
_c23 cm.
650 _aGEN
654 _aCAN
942 _cLIB
_dJUS
_fJUS
_2ddc
_n
999 _c18715
_d18715